000 00308nam a22001337a 4500
008 181206b xxu||||| |||| 00| 0 eng d
020 _a9780716738596
041 _aeng
080 _a541
100 _a12
101 _aKIM
245 _aA Mathcad Primer for Physical Chemistry
_cCady,M.P
942 _2udc
_cBK
999 _c52925
_d52925